| 000 | 00995 a2200289 4500 | ||
|---|---|---|---|
| 005 | 20171006020001.0 | ||
| 008 | 141127b2014 ck il. |r|||| 00| 0 eng d | ||
| 020 | _a9780982761557 | ||
| 040 |
_aCO-BoIH _cCO-BoIH |
||
| 041 | _aeng | ||
| 044 | _ack | ||
| 082 | 0 | 4 |
_a333.958 _bM16f |
| 100 | 1 |
_aMcMullan, Miles _929305 |
|
| 245 | 1 | 0 |
_aField Guide to the Birds of Colombia / _bpor Miles McMullan, Thomas Donegan, colaboración de Alonso Quevedo, Trevor Ellery y Avery Bartels |
| 250 | _a2da. | ||
| 260 |
_aBogotá : _bFundación ProAves, _c2014. |
||
| 300 |
_a387 p. _bil. (col) _c21 cm. |
||
| 504 | _aIncluye indices | ||
| 650 | 0 | 4 |
_aBirds _xSpecific taxonomic groups _zColombia _929306 |
| 650 | 0 | 4 |
_aBirds _xSpecific kind of birds _zColombia _929307 |
| 650 | 0 | 4 |
_aAves _vguias _z Colombia _929308 |
| 700 | 1 |
_aDonegan, Thomas _929309 |
|
| 700 | 1 |
_aQuevedo, Alonso _ecolab. _929310 |
|
| 700 | 1 |
_aEllery, Trevor _ecolab. _929311 |
|
| 700 | 1 |
_aAvery, Bartels _ecolab. _929312 |
|
| 942 |
_2ddc _cLIBRO _01 |
||
| 999 |
_c8843 _d8843 |
||